Formula 1 drivers driving for both McLaren and Ferrari - Statistics

General Stats
  • This quiz has been taken 706 times
    657 since last reset
  • The average score is 6 of 15
Answer Stats
Answer % Correct
Alain Prost
85%
Fernando Alonso
82%
Kimi Raikkonen
77%
Niki Lauda
75%
Carlos Sainz Jr.
74%
Nigel Mansell
60%
Gerhard Berger
51%
Gilles Villeneuve
38%
Jody Scheckter
34%
Jacky Ickx
24%
Stefan Johansson
17%
Patrick Tambay
16%
Derek Bell
3%
Andrea de Adamich
2%
Nanni Galli
2%
No matching quizzes found
Score Distribution
Percent of People with Each Score
Percentile by Number Answered
Your Score History
You have not taken this quiz since the last reset